000
00220 a2200097 4500
020
_a
9789357324717
100
_a
Krish Ashok
245
_a
Masala lab(മസാല ലാബ്)
260
_b
D C books
_c
2025
942
_c
OO
999
_c
115284
_d
115283